Pays ayant la plus faible population urbaine - Statistiques

Statistiques générales
  • Ce quiz a été pris 38 fois
  • Le résultat moyen est 6 sur 14
Statistiques - réponses
Région Population urbaine Pays % Correct
Océanie 12% Papouasie-Nouvelle-Guinée
65%
Afrique 18% Niger
56%
Océanie 23% Salomon
56%
Océanie 16% Samoa
56%
Océanie 25% Vanuatu
53%
Afrique 22% Tchad
50%
Asie 24% Népal
47%
Afrique 22% Éthiopie
38%
Caraïbes 20% Sainte-Lucie
38%
Afrique 14% Burundi
35%
Afrique 19% Malawi
32%
Europe 15% Liechtenstein
29%
Afrique 18% Rwanda
29%
Asie 18% Sri Lanka
15%
Aucun quiz correspondant
Distribution des résultats
% des personnes avec chaque résultat
Percentile par nombre de réponses
Votre historique - résultats
Vous n’avez pas pris ce quiz